The geology of ore deposits
Gorde:
| Egile Nagusiak: | , |
|---|---|
| Formatua: | Liburua |
| Hizkuntza: | ingelesa |
| Argitaratua: |
Long Grove
Waveland Press Inc.
1986
|
| Edizioa: | 1a. ed |
| Gaiak: | |
| Etiketak: |
Etiketa erantsi
Etiketarik gabe, Izan zaitez lehena erregistro honi etiketa jartzen!
|
MARC
| LEADER | 00000cam a2200000 a 4500 | ||
|---|---|---|---|
| 001 | UCD1513 | ||
| 003 | CL-VaPUC | ||
| 008 | 160310e19860000us |||||||||||||||||eng|d | ||
| 020 | |a 9781577664956 | ||
| 082 | 0 | 4 | |a 551.01 |b GUI |2 21 |
| 100 | 0 | |a Guilbert, John M |e author |9 584608 | |
| 700 | 0 | |a Park, Charles F |e author |9 584609 | |
| 245 | 1 | 4 | |a The geology of ore deposits |
| 250 | |a 1a. ed | ||
| 300 | |a 985 p | ||
| 942 | |c BK | ||
| 945 | |d 20160310 23:10:00 |a dcastane | ||
| 260 | |a Long Grove |b Waveland Press Inc. |c 1986 | ||
| 650 | 0 | |a Geología |9 260984 | |
| 650 | 7 | |a GEOLOGIA MINERA |2 CL-VaPUC |9 366873 | |
| 650 | 0 | |a Minerales |9 264051 | |
| 650 | 0 | |a Industria minera |9 260256 | |
| 583 | |a last modification |c 20160310 23:10:00 |k Rodrigo Vera | ||
| 999 | |c 362813 |d 362811 | ||
| 952 | |0 0 |1 0 |2 ddc |3 erd |4 0 |6 551_010000000000000_GUI_1986 |7 0 |8 A |9 474326 |a BIBING |b BIBING |i 5266963 |o 551.01 GUI 1986 |p 5266963 |r 2025-01-20 |w 2019-11-24 |y BK |z Catalogado en:20160310 |k EIQ | ||
| 952 | |0 0 |1 0 |2 ddc |3 erd |4 0 |6 551_010000000000000_GUI_1986 |7 0 |8 A |9 474327 |a BIBING |b BIBING |i 5266971 |o 551.01 GUI 1986 |p 5266971 |r 2025-01-20 |w 2019-11-24 |y BK |z Catalogado en:20160310 |k EIQ | ||
| 952 | |0 0 |1 0 |2 ddc |3 erd |4 0 |6 551_010000000000000_GUI_1986 |7 0 |8 A |9 474328 |a BIBING |b BIBING |c RES |i 526698K |o 551.01 GUI 1986 |p 526698K |r 2025-01-20 |w 2019-11-24 |y BK |z Catalogado en:20160310 |k EIQ | ||